Tècniques de negociació i resolució de conflictes : manual de consulta / [text: Carles Mendieta i Suñé] manual de consulta / [text:
Descripción Física:
116 p. ; 30 cm
Colección:
Manuals de formació municipal ; 11
MARC
| LEADER | 00000nam a2200000Ia 4500 | ||
|---|---|---|---|
| 001 | 14653 | ||
| 008 | 160829s2002 xx 000 0 cat d | ||
| 080 | |a M-4-257 | ||
| 100 | |a Mendieta i Suñé, Carles |9 1513 | ||
| 245 | |a Tècniques de negociació i resolució de conflictes : |b manual de consulta / [text: |b Carles Mendieta i Suñé] | ||
| 260 | |a [Barcelona] : |b Diputació de Barcelona, Servei de Formació Local, |c 2002 | ||
| 300 | |a 116 p. ; |c 30 cm | ||
| 490 | |a Manuals de formació municipal ; 11 | ||
| 590 | |a Glossari. | ||
| 590 | |a Referències bibliogràfiques. | ||
| 590 | |a Bibliografia comentada. | ||
| 590 | |a Annexos i material d'autoavaluació | ||
| 650 | |a Negociació |9 25111 | ||
| 650 | |a Gestió de conflictes |9 25112 | ||
| 710 | |a Barcelona (Catalunya : Província). |b Servei de Formació Local |9 53659 | ||
| 901 | |a Arxiu | ||
| 942 | |n 1 | ||
| 952 | |0 0 |1 0 |4 0 |6 M4257 |7 1 |9 43454 |a Arxiu |b Arxiu |d 2016-12-01 |l 0 |o M-4-257 |p 14653 |r 2016-12-01 00:00:00 |w 2016-12-01 |y ARXIU | ||
| 999 | |c 46000 |d 46000 | ||